00570nam a2200193 a 450000100060000000300080000600500170001400800410003103500190007204000300009104100080012108200220012910000440015124500480019526000420024330000320028550400370031765000220035467747BD-RjUL20211209081705.0170328s1958 enka b 001 0 eng  a(BD-RjUL)67956 aDLCcTxU-DadBD-RjULbeng aeng a150223bWOD 19581 aWoodworth, Robert Sessions,d1869-1962.10aDynamics of behavior /cRobert S. Woodworth aLondon :bMethuen and co Ltd.,c1958. ax, 403 p. :bill. ;c22 cm. aIncludes index and bibliography. 0aPsychophysiology.